000 00349nam a2200145Ia 4500
008 090123s9999 xx 000 0 und d
082 _b21605
245 _aLIMCA BOOK OF RECORD 1990
250 _a0
260 _bBISLERI BEVERAGES
300 _a176
630 _aLIMCA BOOK OF RECORD 1990
730 _aLIMCA BOOK OF RECORD 1990
942 _cBOOK
999 _c59677
_d59677